Zvyšovanie kvality výrobkov ako nástroj efektívnej intenzifikácie poľnohospodárskej potravinárskej výroby

Bibliographic Details
Main Author: Bodian, Jozef, 1940- (Author)
Format: Article
Language:Slovak
Subjects:

MARC

LEADER 00000nab a2200000 a 4500
001 vtls000275818
003 SK-MaSNL
005 20260305001253.0
008 111130c1987 xo 0 slo
015 |a SNBRB19rr/mm-uuuuu 
035 |a CL0285932 
040 |a SNKBUCL  |b slo  |c SNKBUCL  |e AACR2 
041 0 |a slo 
044 |a xo  |c SK 
080 |a 631.145:658.562  |2 1981 
080 |a 658.562  |2 1981 
080 |a 663/664  |2 1981 
100 1 |a Bodian, Jozef,  |d 1940-  |4 aut  |9 6896 
245 1 0 |a Zvyšovanie kvality výrobkov ako nástroj efektívnej intenzifikácie poľnohospodárskej potravinárskej výroby  |c Jozef Bodian 
650 0 7 |a poľnohospodárstvo  |2 snkbucl  |9 679 
650 0 7 |a potravinársky priemysel  |2 snkbucl  |9 974 
655 7 |a články z novín a časopisov  |2 snkbucl  |9 267496 
773 0 |t Informácie MPVž SSR  |g Roč. 15, č. 1 (1987), s. 15-18 
850 |a Slovenská národná knižnica v Martine  |a MTA001 
852 |a SNK  |b KIS3GCP 
958 |a RK 
992 |a RBX 
999 |c 3218331  |d 3220261